Géographie de Paris - Carte Quiz - Statistiques

Statistiques générales
  • Ce quiz a été pris 51 013 fois
  • Le résultat moyen est 13 sur 27
Réponses sur la Carte
Les réponses sont colorées sur une échelle allant du rouge au vert en fonction du pourcentage des utilisateurs qui les ont devinées à leur premier essai. Vous pouvez retrouver ces pourcentages ci-dessous.
 
Statistiques - réponses
Réponse % Correct
Bois de Boulogne
73%
Seine
71%
Bois de Vincennes
69%
Tour Eiffel
65%
Île Saint-Louis
63%
Champ de Mars
62%
Arc de Triomphe
61%
Jardin des Tuileries
60%
Île de la Cité
58%
Notre-Dame de Paris
57%
Sacré-Cœur
54%
Place de la Nation
51%
Place de la Concorde
50%
Tour Montparnasse
50%
Place de la Bastille
49%
Moulin Rouge
48%
Musée du Louvre
47%
Pont Alexandre III
42%
Hôtel de Ville
39%
Gare d'Austerlitz
38%
Opéra Garnier
37%
Centre Pompidou
35%
Les Invalides
34%
Palais du Luxembourg
34%
Panthéon
34%
Palais Bourbon
19%
Palais Brongniart
15%
Aucun quiz correspondant
Distribution des résultats
% des personnes avec chaque résultat
Percentile par nombre de réponses
Votre historique - résultats
Vous n’avez pas pris ce quiz